000 00563nam a2200205Ia 4500
005 20250923144432.0
008 008 250917s9999 xx 000 0 eng d
037 _aTextual
040 _aDSWL
_beng
_cDSWL
041 _aeng
_2eng
084 _aX9B, H7
_qDSWL
100 _aKumarappa, J.C
_9824854
245 2 _aA questionnaire for the survey of village industries
_cby J.C Kumarappa
260 _aWardha
_c1947
300 _a72 p.
365 _aINR
_b1.14
925 _g1.14
942 _cTEXL
_hX9B, H7
999 _c1438844
_d1438844